Пожежна та техногенна безпека (Запис № 423674)

МАРК-запис
000 -Лідер
fixed length control field 01436nas a22002537a 4500
001 - Контрольний номер
control field 132543573543543649
003 - Ідентифікатор контрольного номера
control field UA-OsUOA
005 - Дата та час останнього входження (трансакції)
control field 20230612120626.0
008 - Елементи даних фіксованої довжини – загальна інформація
fixed length control field 190905c2013 un mr|p|||||| 00| c ukr d
040 ## - Джерело каталогізації
Агенція оригінальної каталогізації UA-OsUOA
Мова каталогізації ukr
Агенція, яка здійснювала перезапис UA-OsUOA
Агенція, яка здійснювала модифікацію UA-OsUOA
041 ## - Код мови
Код мови тексту/ звукової доріжки чи окремого заголовка (П) ukr
090 ## - Локальний шифр розміщення
Класифікаційний індекс УДК 504
Авторський знак (НП) П46
099 ## - Місцевий розмір звичайного тексту (OCLC)
Передплатний індекс 86088
110 ## - Наймення організації – загальна інформація
Найменування колективу або юрисдикції як початковий елемент введення ТОВ "ПОЖОСВІТА"
245 ## - Відомості про назву
Назва (НП) Пожежна та техногенна безпека
Решта назви (НП) всеукраїнський науково-виробничий журнал
Дані про відповідальність (НП) гол. ред. Городецький В. Я.
260 ## - Публікація, розповсюдження і т.п. (Вихідні дані)
Місце публікації, розповсюдження і т.п. (П) К.
Дата публікації, розповсюдження і т.п. (П) 2013
310 ## - Поточна періодичність
Поточна періодичність щомісяця
505 ## - Форматована примітка про зміст
Форматована примітка про зміст Функціонування пожежно-рятувальної служби, добровільного пожежного товариства, відомчої та сільської пожохорони, ветеранських організацій, наукові дослідження, бюлетень держреєстру нормативно-правових актів, коментарі, плакати й рекомендації з питань пожежної та техногенної безпеки.
650 ## - Додаткове предметне введення – тематичний термін
Джерело заголовка чи терміна UDC
Тематичний термін чи географічна назва, як елемент введення (НП) 504 Небезпека навколишнього середовища
942 ## - Додаткові елементи входу (Коха)
Source of classification or shelving scheme Universal Decimal Classification
Тип елемента Koha Журнал
Serial record 1
962 ## - Рік початку публікації
Рік 2013
Фонди
Стан вилучень Стан втрат Джерело класифікації або схеми стелажів Стан уражень Не для кредиту Постійне місце розташування Поточне розміщення Дата придбання Послідовне перерахування / хронологія Усього замовленно Повний номер виклику Штрих-код Дата останнього перегляду Ціна ефективна від Тип елемента Koha
    Universal Decimal Classification     ВП - Відділ періодики НБ ВП - Відділ періодики НБ 09/12/2019 1 (40)   504 П46 5142895 09/12/2019 09/12/2019 Номер журналу
    Universal Decimal Classification     ВП - Відділ періодики НБ ВП - Відділ періодики НБ 09/12/2019 2 (41)   504 П46 5142896 09/12/2019 09/12/2019 Номер журналу
    Universal Decimal Classification     ВП - Відділ періодики НБ ВП - Відділ періодики НБ 09/12/2019 3 (42)   504 П46 5142897 09/12/2019 09/12/2019 Номер журналу
    Universal Decimal Classification     ВП - Відділ періодики НБ ВП - Відділ періодики НБ 09/12/2019 4 (43)   504 П46 5142898 09/12/2019 09/12/2019 Номер журналу
    Universal Decimal Classification     ВП - Відділ періодики НБ ВП - Відділ періодики НБ 09/12/2019 5 (44)   504 П46 5142899 09/12/2019 09/12/2019 Номер журналу
    Universal Decimal Classification     ВП - Відділ періодики НБ ВП - Відділ періодики НБ 09/12/2019 6 (45)   504 П46 5142900 09/12/2019 09/12/2019 Номер журналу
    Universal Decimal Classification     ВП - Відділ періодики НБ ВП - Відділ періодики НБ 09/12/2019 7 (46)   504 П46 5142901 09/12/2019 09/12/2019 Номер журналу
    Universal Decimal Classification     ВП - Відділ періодики НБ ВП - Відділ періодики НБ 09/12/2019 8 (47)   504 П46 5142902 09/12/2019 09/12/2019 Номер журналу
    Universal Decimal Classification     ВП - Відділ періодики НБ ВП - Відділ періодики НБ 09/12/2019 9 (48)   504 П46 5142903 09/12/2019 09/12/2019 Номер журналу
    Universal Decimal Classification     ВП - Відділ періодики НБ ВП - Відділ періодики НБ 09/12/2019 10 (49)   504 П46 5142904 09/12/2019 09/12/2019 Номер журналу
    Universal Decimal Classification     ВП - Відділ періодики НБ ВП - Відділ періодики НБ 09/12/2019 11 (50)   504 П46 5142905 09/12/2019 09/12/2019 Номер журналу
    Universal Decimal Classification     ВП - Відділ періодики НБ ВП - Відділ періодики НБ 09/12/2019 12 (51)   504 П46 5142906 09/12/2019 09/12/2019 Номер журналу
    Universal Decimal Classification     ВП - Відділ періодики НБ ВП - Відділ періодики НБ 09/12/2019 1 (52)   504 П46 5142907 09/12/2019 09/12/2019 Номер журналу
    Universal Decimal Classification     ВП - Відділ періодики НБ ВП - Відділ періодики НБ 09/12/2019 2 (53)   504 П46 5142908 09/12/2019 09/12/2019 Номер журналу
    Universal Decimal Classification     ВП - Відділ періодики НБ ВП - Відділ періодики НБ 09/12/2019 3 (54)   504 П46 5142909 09/12/2019 09/12/2019 Номер журналу
    Universal Decimal Classification     ВП - Відділ періодики НБ ВП - Відділ періодики НБ 09/12/2019 4 (55)   504 П46 5142910 09/12/2019 09/12/2019 Номер журналу
    Universal Decimal Classification     ВП - Відділ періодики НБ ВП - Відділ періодики НБ 09/12/2019 5 (56)   504 П46 5142911 09/12/2019 09/12/2019 Номер журналу
    Universal Decimal Classification     ВП - Відділ періодики НБ ВП - Відділ періодики НБ 09/12/2019 6 (57)   504 П46 5142912 09/12/2019 09/12/2019 Номер журналу
    Universal Decimal Classification     ВП - Відділ періодики НБ ВП - Відділ періодики НБ 09/12/2019 7 (58)   504 П46 5142913 09/12/2019 09/12/2019 Номер журналу
    Universal Decimal Classification     ВП - Відділ періодики НБ ВП - Відділ періодики НБ 09/12/2019 8 (59)   504 П46 5142914 09/12/2019 09/12/2019 Номер журналу
    Universal Decimal Classification     ВП - Відділ періодики НБ ВП - Відділ періодики НБ 09/12/2019 9 (60)   504 П46 5142915 09/12/2019 09/12/2019 Номер журналу
    Universal Decimal Classification     ВП - Відділ періодики НБ ВП - Відділ періодики НБ 09/12/2019 10 (61)   504 П46 5142916 09/12/2019 09/12/2019 Номер журналу
    Universal Decimal Classification     ВП - Відділ періодики НБ ВП - Відділ періодики НБ 09/12/2019 11 (62)   504 П46 5142917 09/12/2019 09/12/2019 Номер журналу
    Universal Decimal Classification     ВП - Відділ періодики НБ ВП - Відділ періодики НБ 09/12/2019 12 (63)   504 П46 5142918 09/12/2019 09/12/2019 Номер журналу
    Universal Decimal Classification     ВП - Відділ періодики НБ ВП - Відділ періодики НБ 09/12/2019 1 (64)   504 П46 5142919 09/12/2019 09/12/2019 Номер журналу
    Universal Decimal Classification     ВП - Відділ періодики НБ ВП - Відділ періодики НБ 09/12/2019 2 (65)   504 П46 5142920 09/12/2019 09/12/2019 Номер журналу
    Universal Decimal Classification     ВП - Відділ періодики НБ ВП - Відділ періодики НБ 09/12/2019 3 (66)   504 П46 5142921 09/12/2019 09/12/2019 Номер журналу
    Universal Decimal Classification     ВП - Відділ періодики НБ ВП - Відділ періодики НБ 09/12/2019 4 (67)   504 П46 5142922 09/12/2019 09/12/2019 Номер журналу
    Universal Decimal Classification     ВП - Відділ періодики НБ ВП - Відділ періодики НБ 09/12/2019 5 (68)   504 П46 5142923 09/12/2019 09/12/2019 Номер журналу
    Universal Decimal Classification     ВП - Відділ періодики НБ ВП - Відділ періодики НБ 09/12/2019 6 (69)   504 П46 5142924 09/12/2019 09/12/2019 Номер журналу
    Universal Decimal Classification     ВП - Відділ періодики НБ ВП - Відділ періодики НБ 09/12/2019 7 (70)   504 П46 5142925 09/12/2019 09/12/2019 Номер журналу
    Universal Decimal Classification     ВП - Відділ періодики НБ ВП - Відділ періодики НБ 09/12/2019 8 (71)   504 П46 5142926 09/12/2019 09/12/2019 Номер журналу
    Universal Decimal Classification     ВП - Відділ періодики НБ ВП - Відділ періодики НБ 09/12/2019 9 (72)   504 П46 5142927 09/12/2019 09/12/2019 Номер журналу
    Universal Decimal Classification     ВП - Відділ періодики НБ ВП - Відділ періодики НБ 09/12/2019 10 (73)   504 П46 5142928 09/12/2019 09/12/2019 Номер журналу
    Universal Decimal Classification     ВП - Відділ періодики НБ ВП - Відділ періодики НБ 09/12/2019 11 (74)   504 П46 5142929 09/12/2019 09/12/2019 Номер журналу
    Universal Decimal Classification     ВП - Відділ періодики НБ ВП - Відділ періодики НБ 10/01/2020 12 (75)   504 П46 5144857 10/01/2020 10/01/2020 Номер журналу
    Universal Decimal Classification     ВП - Відділ періодики НБ ВП - Відділ періодики НБ 07/02/2020 1 (76)   504 П46 5145740 07/02/2020 07/02/2020 Номер журналу
    Universal Decimal Classification     ВП - Відділ періодики НБ ВП - Відділ періодики НБ 11/03/2020 2 (77)   504 П46 5149629 11/03/2020 11/03/2020 Номер журналу
    Universal Decimal Classification     ВП - Відділ періодики НБ ВП - Відділ періодики НБ 06/04/2020 3 (78)   504 П46 5150457 06/04/2020 06/04/2020 Номер журналу
    Universal Decimal Classification     ВП - Відділ періодики НБ ВП - Відділ періодики НБ 05/06/2020 5 (80)   504 П46 216218574 05/06/2020 05/06/2020 Номер журналу
    Universal Decimal Classification     ВП - Відділ періодики НБ ВП - Відділ періодики НБ 09/07/2020 6 (81)   504 П46 216218740 09/07/2020 09/07/2020 Номер журналу
    Universal Decimal Classification     ВП - Відділ періодики НБ ВП - Відділ періодики НБ 17/08/2020 7 (82)   504 П46 216219031 17/08/2020 17/08/2020 Номер журналу
    Universal Decimal Classification     ВП - Відділ періодики НБ ВП - Відділ періодики НБ 08/09/2020 8 (83)   504 П46 216219148 08/09/2020 08/09/2020 Номер журналу
    Universal Decimal Classification     ВП - Відділ періодики НБ ВП - Відділ періодики НБ 13/10/2020 9 (84)   504 П46 216219435 13/10/2020 13/10/2020 Номер журналу
    Universal Decimal Classification     ВП - Відділ періодики НБ ВП - Відділ періодики НБ 10/11/2020 10 (85)   504 П46 216219624 10/11/2020 10/11/2020 Номер журналу
    Universal Decimal Classification     ВП - Відділ періодики НБ ВП - Відділ періодики НБ 10/12/2020 11 (86)   504 П46 216219851 10/12/2020 10/12/2020 Номер журналу
    Universal Decimal Classification     ВП - Відділ періодики НБ ВП - Відділ періодики НБ 12/01/2021 12 (87)   504 П46 216220057 12/01/2021 12/01/2021 Номер журналу
    Universal Decimal Classification     ВП - Відділ періодики НБ ВП - Відділ періодики НБ 05/02/2021 1 (88)   504 П46 216220181 05/02/2021 05/02/2021 Номер журналу
    Universal Decimal Classification     ВП - Відділ періодики НБ ВП - Відділ періодики НБ 04/03/2021 2 (89)   504 П46 216220328 04/03/2021 04/03/2021 Номер журналу
    Universal Decimal Classification     ВП - Відділ періодики НБ ВП - Відділ періодики НБ 06/04/2021 3 (90)   504 П46 216220485 06/04/2021 06/04/2021 Номер журналу
    Universal Decimal Classification     ВП - Відділ періодики НБ ВП - Відділ періодики НБ 18/05/2021 4 (91)   504 П46 216220719 18/05/2021 18/05/2021 Номер журналу
    Universal Decimal Classification     ВП - Відділ періодики НБ ВП - Відділ періодики НБ 08/06/2021 5 (92)   504 П46 216220818 08/06/2021 08/06/2021 Номер журналу
    Universal Decimal Classification     ВП - Відділ періодики НБ ВП - Відділ періодики НБ 13/07/2021 6 (93)   504 П46 216221026 13/07/2021 13/07/2021 Номер журналу
    Universal Decimal Classification     ВП - Відділ періодики НБ ВП - Відділ періодики НБ 06/09/2021 7 (94)   504 П46 216221173 06/09/2021 06/09/2021 Номер журналу
    Universal Decimal Classification     ВП - Відділ періодики НБ ВП - Відділ періодики НБ 07/09/2021 8 (95)   504 П46 216221259 07/09/2021 07/09/2021 Номер журналу
    Universal Decimal Classification     ВП - Відділ періодики НБ ВП - Відділ періодики НБ 06/10/2021 9 (96)   504 П46 216221453 06/10/2021 06/10/2021 Номер журналу
    Universal Decimal Classification     ВП - Відділ періодики НБ ВП - Відділ періодики НБ 09/11/2021 10 (97)   504 П46 216221616 09/11/2021 09/11/2021 Номер журналу
    Universal Decimal Classification     ВП - Відділ періодики НБ ВП - Відділ періодики НБ 14/12/2021 11 (98)   504 П46 216221788 14/12/2021 14/12/2021 Номер журналу
    Universal Decimal Classification     ВП - Відділ періодики НБ ВП - Відділ періодики НБ 18/01/2022 12 (99)   504 П46 216221935 18/01/2022 18/01/2022 Номер журналу